Every Kanye X Kid Cudi Collab - Statistics

General Stats
  • This quiz has been taken 187 times
  • The average score is 12 of 21
Answer Stats
Hint Answer % Correct
My Beautiful Dark Twisted Fantasy Gorgeous
87%
808s and Heartbreak Welcome to Heartbreak
85%
Ye Ghost Town
83%
Kids See Ghosts 4th Dimension
80%
Kids See Ghosts Reborn
79%
Kids See Ghosts Cudi Montage
75%
Kids See Ghosts Fire
73%
Kids See Ghosts Kids See Ghosts
73%
Kids See Ghosts Feel the Love
71%
Kids See Ghosts Freeee (Ghost Town Pt. 2)
68%
Donda Moon
67%
My Beautiful Dark Twisted Fantasy All of the Lights
65%
Man on the Moon II Erase Me
65%
The Life of Pablo Father Stretch My Hands Pt. 1
63%
Man on the Moon: The End of Day Make Her Say
57%
The Life of Pablo Waves
52%
Good Fridays Christian Dior Denim Flow
23%
Donda Remote Control Pt. 2
20%
Cruel Summer The Morning
16%
Good Fridays Good Friday
14%
Good Fridays The Joy
7%
No matching quizzes found
Score Distribution
Percent of People with Each Score
Percentile by Number Answered
Your Score History
You have not taken this quiz